Mechanisms of inorganic reactions: A study of metal complexes in solution (Record no. 28080)

MARC details
000 -LEADER
fixed length control field 00375nam a2200133Ia 4500
082 ## - DEWEY DECIMAL CLASSIFICATION NUMBER
Classification number 546
Item number BAS;1
100 ## - MAIN ENTRY--AUTHOR NAME
Personal name Basolo, Fred
245 #0 - TITLE STATEMENT
Title Mechanisms of inorganic reactions: A study of metal complexes in solution
250 ## - EDITION STATEMENT
Edition statement Ed.2
260 ## - PUBLICATION, DISTRIBUTION, ETC. (IMPRINT)
Place of publication New Delhi
Name of publisher Wiley Eastern
Year of publication 1967
700 ## - ADDED ENTRY--PERSONAL NAME
Personal name Pearson, Ralph G
942 ## - ADDED ENTRY ELEMENTS (KOHA)
Koha item type Books
Holdings
Withdrawn status Lost status Damaged status Not for loan Home library Current library Date acquired Cost, normal purchase price Full call number Accession Number Koha item type
        RRII Library RRII Library 16/12/2021 40.00 546 BAS;1 08689 Books